00398pab a2200133 454500008004000000100003200040245006800072260000900140300001600149362001100165650003800176650001600214773003400230180718b2005 xxu||||| |||| 00| 0 eng d aChattopadhyay, Apurba Kumar aDistributive impact of agricultural growth in rural West Bengal c2005 ap.5601-610. a31 Dec aAgriculture - India - West Bengal aAgriculture aEconomic and Political Weekly